[Event "Cambridge Int Open 2023"]
[Site "Cambridge ENG"]
[Date "2023.02.19"]
[Round "9.12"]
[White "Ismail, Mohammed Aayan"]
[Black "Southcott-Moyers, Indy"]
[Result "1-0"]
[WhiteElo "2211"]
[BlackElo "2077"]
[EventDate "2023.02.15"]

1. d4 d5 2. c4 c6 3. Nf3 Nf6 4. g3 Bf5 5. Nc3 e6 6. Nh4 dxc4 7. Nxf5 exf5
8. e3 Bd6 9. Bxc4 O-O 10. O-O Nbd7 11. Qd3 Nb6 12. Bb3 g6 13. f3 c5 14. e4
cxd4 15. Qxd4 Qe7 16. Qd3 Rad8 17. Qc2 fxe4 18. Bh6 Rfe8 19. Nxe4 Nbd5 20.
Bxd5 Nxd5 21. Rad1 Be5 22. Qb3 Qb4 23. Qxb4 Nxb4 24. a3 Nd5 25. Rfe1 Nf6
26. Nc3 Bd4+ 27. Kg2 Rxe1 28. Rxe1 Re8 29. Rd1 Be3 30. Bxe3 Rxe3 31. Rd6
Kg7 32. Rxf6 Rxc3 33. Rxg6+ Kxg6 34. bxc3 Kf5 35. Kf2 Ke5 36. Ke3 Kd5 37.
Kd3 Kc5 38. h4 Kb5 39. Kc2 Kc4 40. g4 b5 41. f4 a5 42. h5 b4 43. cxb4 axb4
44. axb4 Kxb4 45. g5 Kc5 46. f5 Kd6 47. g6 fxg6 48. fxg6 hxg6 49. h6 Ke7
50. h7 Kf7 51. h8=Q 1-0

[Event "Cambridge Int Open 2023"]
[Site "Cambridge ENG"]
[Date "2023.02.19"]
[Round "9.10"]
[White "Shafi, Declan"]
[Black "Turner, Matthew J"]
[Result "1/2-1/2"]
[WhiteElo "2201"]
[BlackElo "2455"]
[EventDate "2023.02.15"]

1. c4 Nf6 2. Nc3 e6 3. e4 d5 4. e5 Ne4 5. Nxe4 dxe4 6. Qg4 Nc6 7. Qxe4 Qd4
8. Qxd4 Nxd4 9. Rb1 Bd7 10. Nf3 Nxf3+ 11. gxf3 Bc6 12. Be2 O-O-O 13. Rg1 g6
14. b3 Rd7 15. d3 Bb4+ 16. Bd2 Bxd2+ 17. Kxd2 h5 1/2-1/2

[Event "Cambridge Int Open 2023"]
[Site "Cambridge ENG"]
[Date "2023.02.19"]
[Round "9.17"]
[White "Saunders, Aron"]
[Black "Adams, George"]
[Result "1-0"]
[WhiteElo "2109"]
[BlackElo "1494"]
[EventDate "2023.02.15"]

1. e4 e5 2. Nf3 Nc6 3. Bc4 Nf6 4. d3 Be7 5. O-O O-O 6. Re1 d6 7. a4 Be6 8.
Nbd2 a5 9. c3 Nd7 10. d4 Bg4 11. h3 Bh5 12. g4 Bg6 13. Nf1 Nb6 14. Bd3 exd4
15. cxd4 Nb4 16. Bb1 d5 17. Ng3 dxe4 18. Bxe4 Bxe4 19. Rxe4 Re8 20. Qe2 Bf8
21. Bd2 Rxe4 22. Qxe4 Qd5 23. Qxd5 N6xd5 24. b3 f6 25. Kf1 Ra6 26. Rc1 Re6
27. Nf5 c6 28. Ne3 b6 29. Nc4 Be7 30. Re1 Rxe1+ 31. Nxe1 Kf7 32. f4 Ke6 33.
Ke2 Bd8 34. Kf3 Bc7 35. f5+ Kd7 36. Ke4 b5 37. Nb2 Bb6 38. Nbd3 Kd6 39.
Nxb4 Nxb4 40. Bxb4+ axb4 41. axb5 c5 42. dxc5+ Kxc5 43. Nd3+ Kxb5 44. Kd5
Be3 45. Nb2 Bc1 46. Nc4 Bf4 47. Nd6+ Kb6 48. Ne4 Kb5 49. Nc5 g6 50. Ne6 Bg3
51. Nd4+ Kb6 52. Kc4 Kc7 53. Kd5 Kb6 54. Nc6 Kb5 55. Ne7 g5 56. Nc6 Be1 57.
Nd4+ Kb6 58. Kc4 Kc7 59. Nc2 Bd2 60. Nxb4 Bxb4 61. Kxb4 Kd6 62. Kc4 Ke5 63.
b4 Kf4 64. b5 Kg3 65. b6 Kxh3 66. b7 Kxg4 67. b8=Q Kxf5 68. Qb1+ 1-0

[Event "Cambridge Int Open 2023"]
[Site "Cambridge ENG"]
[Date "2023.02.19"]
[Round "9.52"]
[White "Swanson, George"]
[Black "Weersing, Nathan"]
[Result "1-0"]
[WhiteElo "1792"]
[BlackElo "1451"]
[EventDate "2023.02.15"]

1. e4 e6 2. d4 d5 3. e5 c5 4. c3 Nc6 5. Nf3 Qb6 6. a3 cxd4 7. cxd4 Bd7 8.
b4 a6 9. Be3 Nge7 10. Bd3 Nf5 11. Nc3 Nxe3 12. fxe3 Ne7 13. O-O Rc8 14. Rc1
Ng6 15. Bxg6 hxg6 16. Ng5 Be7 17. Nxf7 Rf8 18. Nd6+ Bxd6 19. exd6 Qxd6 20.
Rxf8+ Qxf8 21. Qf3 Qf5 22. Qxf5 gxf5 23. Ne2 Rc4 24. Rxc4 dxc4 25. Kf2 Kf7
26. h4 Kf6 27. Nc3 Bc6 28. a4 b5 29. axb5 axb5 30. g3 e5 31. d5 Bd7 32. Kf3
Be8 33. g4 fxg4+ 34. Kxg4 Bd7+ 35. Kf3 Kf5 36. Kg3 e4 37. Kf2 g6 38. Kg3
Ke5 39. Kf2 Be8 40. Kg3 Kf5 41. Kg2 Kg4 42. Nxe4 Kxh4 43. Nc3 Kg4 44. Kh2
Bd7 45. Kg2 g5 46. Kh2 Kf3 47. e4 Kf4 48. Kg2 Ke5 49. Kf3 Kd4 50. Ne2+ Kd3
51. e5 g4+ 52. Kf2 Ke4 53. e6 Kd3 54. exd7 c3 55. d8=Q g3+ 56. Nxg3 c2 57.
Ne2 Kc4 58. Qd6 Kd3 59. Qc5 Kd2 1-0

[Event "Cambridge Int Open 2023"]
[Site "Cambridge ENG"]
[Date "2023.02.19"]
[Round "9.54"]
[White "Portheault, Benjamin"]
[Black "Warner, Nicholas"]
[Result "1-0"]
[WhiteElo "1498"]
[BlackElo "1735"]
[EventDate "2023.02.15"]

1. Nf3 d5 2. b3 Bg4 3. Bb2 Nc6 4. Ne5 Nxe5 5. Bxe5 f6 6. Bb2 e5 7. g3 Qd7
8. h3 Be6 9. a3 Bd6 10. d3 Ne7 11. Nd2 Nf5 12. Bg2 c6 13. c4 O-O 14. O-O
Bc5 15. d4 Bxd4 16. Bxd4 exd4 17. Qc2 c5 18. Rad1 Rac8 19. Rfe1 Ne7 20. Kh2
Bf5 21. Qc1 dxc4 22. bxc4 b6 23. Nf3 Qa4 24. e4 Be6 25. Bf1 Nc6 26. Nh4 Ne5
27. f4 Nxc4 28. g4 Ne3 29. Rd2 Nxf1+ 30. Rxf1 Bc4 31. Rg1 Be6 32. Nf5 Bxf5
33. gxf5 Rc7 34. Rg3 Qe8 35. Rdg2 Qxe4 36. h4 Qxf5 37. h5 h6 38. Qf1 Kh8
39. Qf3 Rg8 40. Rg6 Re7 41. Qg3 Re3 42. Rxh6+ Qh7 43. Rxh7+ Kxh7 44. Qg6+
Kh8 45. Qf7 Ree8 46. h6 1-0